000 00542nam a22001817a 4500
999 _c186177
_d186177
005 20220216100539.0
010 _aENG-131610
020 _a9789380828695
_c600.00
035 _aEN-115142
037 _bDBAD
082 _a954.035
100 _aDhar, Anuj
245 _aIndia's Biggest Cover-Up/
_cAnuj Dhar
260 _aNew Delhi
_bRenu Kaul Verma
_c2018
270 _a2/15, Ansari Road, Daryaganj
_bNew Delhi
_e110002
_minfo@vitastapublishing.com
300 _a425p.
_bNotes
_c23cm(hbk)
942 _2ddc
_cEN
_h954.035
_mDHA